000 00579nam a2200229Ia 4500
003 OSt
005 20220928143525.0
006 a|||||r|||| 00| 0
007 ta
008 220927b |||||||| |||| 00| 0 eng d
024 _a22372
037 _cTextual
040 _aSDCL
_cSDCL
_beng
041 _2eng
_aeng
082 _aO12,1C:g, K6
100 _aCatullus
_9505612
245 0 _aPoems of Catullus.
260 _c1966
700 _a Whigham Peter Tr.
_9505613
942 _hO12,1C:g, K6
_cTEXL
_2CC
999 _c824365
_d824365